Missing Word: Boy Bands Quiz Stats

 Plays Quiz Updated Dec 21, 2015

Challenge
Share
Tweet
Embed
Score 0/20 Timer 04:00
0 Plays Today
Song Missing Word % Correct
Quit Playing Games With My _____Heart
95.6%
_____ On MeTake
71%
End Of The _____Road
64.8%
I Want You _____Back
63.2%
Hangin' _____Tough
45.3%
Blame It On The _____Boogie
28.3%
If _____Only
27.2%
I _____ YouNeed
27%
Love Me For A _____Reason
21.8%
Liquid _____Dreams
18.5%
Song Missing Word % Correct
_____ GirlUptown
18.4%
Keep On _____Movin'
16.8%
Everything _____Changes
14.1%
_____ MemoriesMidnight
12.8%
_____ GirlCandy
12.2%
Walks Like _____Rihanna
10.1%
_____ To Your HeartTrue
7.4%
_____ MeFreak
6.5%
_____ EasyBreathe
5.5%
_____ SongPorpoise
4.6%

Today's Daily Dose

You're not logged in!

Compare scores with friends on all Sporcle quizzes.
OR
Log In

You Might Also Like...

Show Comments

Extras

Top Quizzes Today


Score Distribution

Your Account Isn't Verified!

In order to create a playlist on Sporcle, you need to verify the email address you used during registration. Go to your Sporcle Settings to finish the process.

Report this User

Report this user for behavior that violates our Community Guidelines.

Details: